CUSTOMS DUTIES (GOODS OF ASEAN COUNTRIES ORIGIN) (ASEAN HARMONIZED TARIFF NOMENCLATURE AND ASEAN TRADE IN GOODS AGREEMENT) ORDER 2017 ; (Record no. 4744)

000 -LEADER
fixed length control field nam a22 a 4500
003 - CONTROL NUMBER IDENTIFIER
control field AKMAL
005 - DATE AND TIME OF LATEST TRANSACTION
control field 20170801120129.0
008 - FIXED-LENGTH DATA ELEMENTS--GENERAL INFORMATION
fixed length control field 17 s2017 my e l o000 0 eng d
020 ## - INTERNATIONAL STANDARD BOOK NUMBER
International Standard Book Number 9789677014420
Qualifying information hardback
Terms of availability RM220.00
082 04 - DEWEY DECIMAL CLASSIFICATION NUMBER
Classification number 343.595056 MAL
Edition number 23
090 00 - LOCALLY ASSIGNED LC-TYPE CALL NUMBER (OCLC); LOCAL CALL NUMBER (RLIN)
Classification number (OCLC) (R) ; Classification number, CALL (RLIN) (NR) 343.595056
Local cutter number (OCLC) ; Book number/undivided call number, CALL (RLIN) MAL
110 1# - MAIN ENTRY--CORPORATE NAME
Corporate name or jurisdiction name as entry element Malaysia
9 (RLIN) 400
245 10 - TITLE STATEMENT
Title CUSTOMS DUTIES (GOODS OF ASEAN COUNTRIES ORIGIN) (ASEAN HARMONIZED TARIFF NOMENCLATURE AND ASEAN TRADE IN GOODS AGREEMENT) ORDER 2017 ;
Statement of responsibility, etc. Compiled by MDC Customs Updating Service Dept.
Remainder of title all amendments up to April 2017
264 #1 - PRODUCTION, PUBLICATION, DISTRIBUTION, MANUFACTURE, AND COPYRIGHT NOTICE
Place of production, publication, distribution, manufacture Kuala Lumpur :
Name of producer, publisher, distributor, manufacturer MDC PUBLISHERS SDN BHD
Date of production, publication, distribution, manufacture, or copyright notice 2017
300 ## - PHYSICAL DESCRIPTION
Extent 1437 pages ;
Dimensions 30 cm
650 10 - SUBJECT ADDED ENTRY--TOPICAL TERM
Topical term or geographic name entry element Tariff
General subdivision Law and legislation
Geographic subdivision Malaysia
9 (RLIN) 20
650 20 - SUBJECT ADDED ENTRY--TOPICAL TERM
Topical term or geographic name entry element Sales tax
General subdivision Law and legislation
Geographic subdivision Malaysia
9 (RLIN) 621
650 20 - SUBJECT ADDED ENTRY--TOPICAL TERM
Topical term or geographic name entry element Customs administration
General subdivision Law and legislation
Geographic subdivision Malaysia
9 (RLIN) 9068
942 ## - ADDED ENTRY ELEMENTS (KOHA)
Source of classification or shelving scheme
Koha item type Book
Holdings
Withdrawn status Lost status Source of classification or shelving scheme Damaged status Not for loan Collection code Home library Current library Shelving location Date acquired Inventory number Total Checkouts Full call number Barcode Date last seen Price effective from Koha item type
          NON-FICTION AKMAL Melaka AKMAL Melaka PINJAMAN 01.08.2017 307047   343.595056 MAL 201707621 01.08.2017 01.08.2017 Book
Pusat Sumber Maklumat Dato' Haji Sarmin Md Hussin, Akademi Kastam Diraja Malaysia, Melaka
Tel: 06-2331106 | Faks: 06-2313787